Interpreting constitutions : (Record no. 8736)

MARC details
000 -LEADER
fixed length control field 00739 a2200217 4500
010 ## - LIBRARY OF CONGRESS CONTROL NUMBER
LC control number ENG-88558
020 ## - INTERNATIONAL STANDARD BOOK NUMBER
International Standard Book Number 9780195693607
Terms of availability 495.00
035 ## - SYSTEM CONTROL NUMBER
System control number EN-72091
037 ## - SOURCE OF ACQUISITION
Source of stock number/acquisition DBAD / PUB
082 00 - DEWEY DECIMAL CLASSIFICATION NUMBER
Classification number 342.02
090 ## - LOCALLY ASSIGNED LC-TYPE CALL NUMBER (OCLC); LOCAL CALL NUMBER (OCLC)
-- 8897
-- 8897
245 00 - TITLE STATEMENT
Title Interpreting constitutions :
Remainder of title a comparative study /
Statement of responsibility, etc edited by Jeffrey Goldsworthy
260 ## - PUBLICATION, DISTRIBUTION, ETC. (IMPRINT)
Place of publication, distribution, etc New Delhi
Name of publisher, distributor, etc Oxford University Press
Date of publication, distribution, etc 2008
300 ## - PHYSICAL DESCRIPTION
Extent xvi, 353 p.
Dimensions 24 cm (pbk)
500 ## - GENERAL NOTE
General note Includes index.
650 #0 - SUBJECT ADDED ENTRY--TOPICAL TERM
Topical term or geographic name as entry element Constitutional law
General subdivision Methodology.
650 #0 - SUBJECT ADDED ENTRY--TOPICAL TERM
Topical term or geographic name as entry element Constitutional law
General subdivision Philosophy.
700 1# - ADDED ENTRY--PERSONAL NAME
Personal name Goldsworthy, Jeffrey Denys.
942 ## - ADDED ENTRY ELEMENTS (KOHA)
Institution code [OBSOLETE] dpl
Koha item type English Books
Call number prefix 342.02 / INT
Holdings
Withdrawn status Lost status Source of classification or shelving scheme Damaged status Not for loan Collection code Home library Current library Source of acquisition Cost, normal purchase price Total Checkouts Full call number Barcode Date last seen Copy number Uniform Resource Identifier Cost, replacement price Price effective from Koha item type
    Dewey Decimal Classification   Not For Loan Non-fiction D.B.Act.Division D.B.Act.Division DBAD/PUB 495.00   342.02 INT EN-72091 15/09/2008 1 9681 495.00 15/09/2008 English Books

© Delhi Public Library
Hit Counter
free hit counter